Coloquio de los siete sabios sobre arcanos relativos a cuestiones últimas (Record no. 17490)

MARC details
000 -LEADER
campo de control de longitud fija 01130nam a2200289 i 4500
001 - NÚMERO DE CONTROL
campo de control 17490
003 - IDENTIFICADOR DE NÚMERO DE CONTROL
campo de control ES-MaACL
005 - FECHA Y HORA DE LA ÚLTIMA TRANSACCIÓN
campo de control 20251015063041.0
007 - CAMPO FIJO DE DESCRIPCIÓN FÍSICA--INFORMACIÓN GENERAL
campo de control de longitud fija t|
008 - DATOS DE LONGITUD FIJA--INFORMACIÓN GENERAL
campo de control de longitud fija 010319s1998 sp ||||1| spa d
020 ## - NÚMERO INTERNACIONAL ESTÁNDAR DEL LIBRO
Número Internacional Estándar del Libro 84-259-1071-4
080 ## - NÚMERO DE LA CLASIFICACIÓN DECIMAL UNIVERSAL
Número de la Clasificación Decimal Universal 28:291
080 ## - NÚMERO DE LA CLASIFICACIÓN DECIMAL UNIVERSAL
Número de la Clasificación Decimal Universal 21
100 1# - ENTRADA PRINCIPAL--NOMBRE DE PERSONA
Nombre de persona Bodin, Jean,
Fechas asociadas al nombre 1530-1596
9 (RLIN) 29706
245 10 - MENCIÓN DEL TÍTULO
Título Coloquio de los siete sabios sobre arcanos relativos a cuestiones últimas
Resto del título : = Colloquium heptaplomeres /
Mención de responsabilidad, etc. J. Bodino ; traducción del latín, Primitivo Mariño ; introducción, Jaime de Salas ; noticia de Primitivo Mariño, Antonio Truyol Serra.
260 ## - PUBLICACIÓN, DISTRIBUCIÓN, ETC.
Lugar de publicación, distribución, etc. Madrid :
Nombre del editor, distribuidor, etc. Centro de Estudios Políticos y Constitucionales,
Fecha de publicación, distribución, etc. 1998.
300 ## - DESCRIPCIÓN FÍSICA
Extensión XXVIII, 386 p. ;
Dimensiones 23 cm.
490 1# - MENCIÓN DE SERIE
Mención de serie Clásicos políticos
650 17 - PUNTO DE ACCESO ADICIONAL DE MATERIA--TÉRMINO DE MATERIA
Término de materia o nombre geográfico como elemento de entrada Cristianismo y otras religiones
Fuente del encabezamiento o término embne
9 (RLIN) 11436
650 #4 - PUNTO DE ACCESO ADICIONAL DE MATERIA--TÉRMINO DE MATERIA
Término de materia o nombre geográfico como elemento de entrada Religión-
Subdivisión general Filosofía
9 (RLIN) 16799
700 1# - ENTRADA AGREGADA--NOMBRE PERSONAL
Nombre de persona Mariño, Primitivo.
9 (RLIN) 76866
700 1# - ENTRADA AGREGADA--NOMBRE PERSONAL
Nombre de persona Salas Ortueta, Jaime de.
9 (RLIN) 101769
700 1# - ENTRADA AGREGADA--NOMBRE PERSONAL
Nombre de persona Truyol y Serra, Antonio,
Fechas asociadas al nombre 1913-2003
9 (RLIN) 111597
830 0# - PUNTO DE ACCESO ADICIONAL DE SERIE-TÍTULO UNIFORME
Título uniforme Clásicos políticos
9 (RLIN) 180270
852 ## - LOCALIZACIÓN
Ubicación ES-MaACL
Número de control de estantería L-24325
Sublocalización o colección R.129518
Holdings
Estatus retirado Estado de pérdida Estado de daño No para préstamo Biblioteca de origen Biblioteca actual Ubicación en estantería Fecha de adquisición Fuente de adquisición Total de préstamos Signatura topográfica completa Código de barras Visto por última vez Precio de reemplazo Tipo de ítem Koha
        Biblioteca del Ateneo de Madrid Biblioteca del Ateneo de Madrid Depósito 2 17/01/2008     L-24325 1017844 23/02/2023 23/02/2023 Libro impreso